| 000 | 00715nam a2200229 a 4500 | ||
|---|---|---|---|
| 999 |
_c911 _d911 |
||
| 001 | 911 | ||
| 003 | BD-JhCC | ||
| 005 | 20171012090325.0 | ||
| 008 | 171011s2010 bg |||| ||a| 000 0 ben d | ||
| 020 | _a9789848765333 | ||
| 035 | _a(BD-JhCC)911 | ||
| 040 |
_aBD-JhCC _dBD-JhCC |
||
| 041 | _aben | ||
| 082 |
_a891.4409 _bIKB 2010 |
||
| 100 | _aইকবাল, ভূঁইয়া | ||
| 245 |
_aরবীন্দ্রনাথ ও মুসলমান সমাজ / _cভূঁইয়া ইকবাল |
||
| 260 |
_aঢাকা : _bপ্রথমা প্রকাশনী, _c২০১০. |
||
| 300 |
_a464 p. : _bill. ; _c22 cm. |
||
| 650 | _aBengali Literature | ||
| 942 |
_2ddc _cBK |
||